Central Library OPAC University of Rajshahi

Forty years on / (Record no. 20836)

MARC details
000 -LEADER
fixed length control field 00665nam a2200265 4500
001 - CONTROL NUMBER
control field 20836
003 - CONTROL NUMBER IDENTIFIER
rucl marc code BD-RjUL
005 - DATE AND TIME OF LATEST TRANSACTION
control field 20211209000622.0
008 - FIXED-LENGTH DATA ELEMENTS--GENERAL INFORMATION
fixed length control field 140302s1969 enk 000 1 eng d
020 ## - INTERNATIONAL STANDARD BOOK NUMBER
International Standard Book Number 0571090974
035 ## - SYSTEM CONTROL NUMBER
System control number (BD-RjUL)20898
040 ## - CATALOGING SOURCE
Original cataloging agency DLC
Transcribing agency DLC
Modifying agency DLC
-- BD-RjUL
Language of cataloging eng
041 ## - LANGUAGE CODE
Language code of text/sound track or separate title eng
082 00 - DEWEY DECIMAL CLASSIFICATION NUMBER
Classification number 822.914
Author mark and year BEF 1969
100 1# - MAIN ENTRY--PERSONAL NAME
Personal name Bennett, Alan,
Dates associated with a name 1934-
9 (RLIN) 64357
245 10 - TITLE STATEMENT
Title Forty years on /
Statement of responsibility, etc. Alan, Bennett
260 ## - PUBLICATION, DISTRIBUTION, ETC. (IMPRINT)
Place of publication, distribution, etc. London :
Name of publisher, distributor, etc. Faber,
Date of publication, distribution, etc. 1969.
300 ## - PHYSICAL DESCRIPTION
Pagination 78 p. ;
Size 21 cm.
350 ## - PRICE (NR) (BK AM CF MU VM SE) [OBSOLETE]
Price 22/-
500 ## - GENERAL NOTE
General note Play.
650 #0 - SUBJECT ADDED ENTRY--TOPICAL TERM
Topical term or geographic name as entry element English drama.
9 (RLIN) 64358
942 ## - ADDED ENTRY ELEMENTS (KOHA)
Source of classification or shelving scheme Dewey Decimal Classification
Koha item type Books
Holdings
Lost status Source of classification or shelving scheme Damaged status Not for loan Collection code Permanent Location Current Location Shelving location Date acquired Source of acquisition Cost, normal purchase price Full call number Date last seen Copy number Koha item type Total Checkouts
  Dewey Decimal Classification     Fiction Central Library, University of Rajshahi Central Library, University of Rajshahi General Stacks 11/05/1974 Oxford university Press 8.80 822.914 BEF 1969 02/03/2014 C-2 Books  
  Dewey Decimal Classification   Not For Loan Fiction Central Library, University of Rajshahi Central Library, University of Rajshahi Reading Room 05/04/1974 Oxford University Press 12.00 822.914 BEF 1969 25/02/2025 C-1 Books